000 01089nam a2200217Ia 4500
003 OSt
005 20210406142416.0
008 210310s1981 ck a gr 000 0 spa d
040 _aCO-JMCR
_cCO-JMCR
041 0 _aspa
082 0 4 _a657.46 /
_bB562c
_223
100 _aBetancourt R., Joaquin G.,
_eautor
_925509
245 1 0 _aContabilidad tributaria /
_cJoaquín G. Betancourt R., Héctor Raúl Córchelo N., Rodrigo Monsalve T.
260 _aBogotá :
_bCentro interamericano jurídico financiero,
_c1981.
300 _b532 páginas :
_c24 cm.
505 0 _aLibros y documentos de contabilidad. -- Planeación de la declaración de renta. -- Elaboración de la declaración de renta. -- Revisión de la declaración de renta. -- Estrategias fiscales. -- Generalidades sobre estados financieros. -- Análisis fiscal de las cuentas del banco. -- Dictamen fiscal. -- Programa para la auditoria de impuestos
650 1 4 _aContabilidad tributaria
_925511
700 1 _aCórchelo N., Héctor Raúl,
_eautor
_936625
700 1 _aMonsalve T., Rodrigo,
_eautor
_936626
942 _2ddc
_cBK
999 _c11435
_d11435